Online Catalogue and eLibrary

Women and the Nation's Narrative: (Record no. 1637)

MARC details
000 -LEADER
fixed length control field 00520nam a2200193Ia 4500
005 - DATE AND TIME OF LATEST TRANSACTION
control field 20250122034302.0
008 - FIXED-LENGTH DATA ELEMENTS--GENERAL INFORMATION
fixed length control field 240331s9999 xx 000 0 und d
020 ## - INTERNATIONAL STANDARD BOOK NUMBER
ISBN 8186706410
082 ## - DDC Classification
Item Number - Author Mark DEM
DDC Edition Number 4576
Class No. 305.4
100 ## - MAIN ENTRY--PERSONAL NAME
Personal name De Mel, N
245 #0 - TITLE STATEMENT
Title Women and the Nation's Narrative:
Remainder of title Gender and Nationalism in Twentieth Century Sri Lanka
260 ## - PUBLICATION, DISTRIBUTION, ETC.
Place of publication, distribution, etc. New Delhi
Name of publisher, distributor, etc. Kali for Women
Date of publication, distribution, etc. 2001
300 ## - PHYSICAL DESCRIPTION
Extent (e.g. Volumes, Pages etc.) x, 293 p.,
650 ## - SUBJECT ADDED ENTRY--TOPICAL TERM
Topical term or geographic name entry element Women
650 ## - SUBJECT ADDED ENTRY--TOPICAL TERM
Topical term or geographic name entry element Gender
650 ## - SUBJECT ADDED ENTRY--TOPICAL TERM
Topical term or geographic name entry element Colonialism
650 ## - SUBJECT ADDED ENTRY--TOPICAL TERM
Topical term or geographic name entry element Nationalism
942 ## - Koha item type (Biblio)
Koha item type Books in Stacks (Lending)
Holdings
Lost status Damaged status Collection code Home library Current library Shelving location Date acquired Full call number Accession Number Item type
    Lending WERC Library WERC Library Social Science Cupboard 03/31/2024 305.4 DEM 4576 Books in Stacks (Lending)

© WERC Library